00488pab a2200169 454500008004000000100001400040245005300054260000900107300001000116362001000126650002800136650001100164773001100175909001000186999001700196952010500213180718b1997 xxu||||| |||| 00| 0 eng d aPal, R.M. aPunjab police and the recent demand for immunity c1997 ap.5-6 a6 Jul aPolice - India - Punjab aPolice aJanata a34864 c34864d34864 00104070aIIPAbIIPAd2018-07-19hVolume no: 52, Issue no: 15pAR35101r2018-07-19w2018-07-19yAR